Rehabilitation and restoration of degraded forests

Bibliographic Details
Main Author: LAMB
Other Authors: Gilmour
Format: Book
Published: Gland, Switzerland : International Union for Conservation of Nature and Natural Resources and WWF , 2003
Series:Issues in forest conservation
Subjects:

MARC

LEADER 00000cam a2200000 7i4500
001 0000002713
005 20031118.0
020 0 0 |a 283270668 
090 0 0 |a 634.956   |b LAM 2003 
100 1 0 |a LAMB   |h David 
245 1 0 |a Rehabilitation and restoration of degraded forests   |c David Lamb and Don Gilmour 
260 0 0 |a Gland, Switzerland :   |b International Union for Conservation of Nature and Natural Resources and WWF ,   |c 2003 
300 |a ii, 110 p. :   |b ill. ;   |c 24 cm. 
440 0 0 |a Issues in forest conservation 
500 0 0 |a Bibliography : p. 101-110 
650 0 0 |a Forest degradation 
650 0 0 |a Reforestation 
700 0 1 |a Gilmour   |h Don 
998 |a JPSM 
999 |a 0000004888   |b Monograph   |c Open Shelf   |e Default branch